| 000 | 00356 a2200169 4500 | ||
|---|---|---|---|
| 001 | 173618 | ||
| 020 | _a85-08-02422-3 | ||
| 040 | _cMagnum | ||
| 100 | _aMasur, Jandira | ||
| 240 | 1 | 0 |
_aO jogo do contrário _lpor |
| 245 | 1 | 0 | _aO jogo do contrário |
| 300 | _a40 | ||
| 362 | 0 | _a1992 | |
| 440 | 1 | _aÁtica | |
| 697 | _aLITERATURA INFANTO | ||
| 942 | _cBK | ||
| 999 |
_c173618 _d173618 |
||